000 00943pam a2200301 a 4500
001 2470174
003 OSt
005 20140310182010.0
008 900126s1990 nyu j 000 1 eng
010 _a 90031451
020 _a0590454366
_c$14.95 ($19.95 Can.)
040 _aDLC
_cDLC
_dDLC
042 _alcac
050 0 0 _aPZ 7
_b.H217 1990
082 0 0 _aKF
_bH18c 1990
100 1 _aHamilton, Virginia
_d1936-2002.
_95909
245 1 0 _aCousins /
_cVirginia Hamilton.
260 _aNew York :
_bScholastic Inc,
_cc1990.
300 _a125 p. :
_c20 cm.
541 _j1
562 _e1
650 1 _aDeath
_xFiction.
_95910
650 1 _aCousins
_xFiction.
_95911
650 1 _aGrandmothers
_xFiction.
_95912
906 _a7
_bcbc
_corignew
_d1
_eocip
_f19
_gy-gencatlg
942 _2lcc
_cBK-KF
_kKF
999 _c8125
_d8125